| 000 | nam a22 a 4500 | ||
|---|---|---|---|
| 999 |
_c3269 _d3269 |
||
| 005 | 20170522100746.0 | ||
| 008 | 170522s2007 be ||||| |||| 00| 0 eng d | ||
| 040 | _aAKMAL | ||
| 082 | _a352.4485 REP | ||
| 090 |
_a352.4485 _bREP |
||
| 245 | 1 | 0 |
_aReport of the 3rd Revised Kyoto Convention (RKC) Management Committee Meeting / _cCustom Attache’s Office, The Embassy of Malaysia in Belgium. |
| 260 |
_aBrussels; _bWorld Customs Organization, _c2007 |
||
| 300 |
_a83pages; _c30cm |
||
| 650 | 1 | 0 |
_aCustoms Administration _xLaw and legislation _96000 |
| 710 | 1 | 0 |
_aWorld Customs Organization _bCustom Attache’s Office, The Embassy of Malaysia in Belgium _96673 |
| 942 |
_2ddc _cBOOK |
||
| 950 | _lAKMAL | ||